| 000 | 01199ngm a22002890a 4500 | ||
|---|---|---|---|
| 001 | PT40545 | ||
| 003 | AR-LpoUNG | ||
| 005 | 20210201235904.0 | ||
| 007 | vd cvaizq | ||
| 008 | 191001s2010||||ag |||||||||||||||||spa d | ||
| 040 |
_aAR-LpoUNG _bspa _cAR-LpoUNG _eaacr |
||
| 041 |
_aspa _aeng |
||
| 044 | _aag | ||
| 082 | 0 | _a808.068.8 612cas | |
| 245 | 1 | 3 |
_aLa casa de Mickey Mouse : _buna sorpresa para Minnie |
| 260 |
_aBuenos Aires : _bWalt Disney, _c2010. |
||
| 300 | _aDVD (85 min.) : son., col. | ||
| 505 | 0 | _aHecha en 2010. Doblada en: Inglés y Español. Subtitulos en: Inglés y Español. | |
| 520 | _aMickey quiere regalarle la mejor tarjeta de San Valentín a Minnie pero ¿podrá Mickey terminar la tarjeta y entregarla antes de que se ponga el sol? Con tu ayuda, y las correctas mouseketools, Mickey podrá hacer que los deseos de Minnie se conviertan en realidad. Muéstrale a Donald lo mucho que te importa y prepárate para bailar al ritmo de la música y ayudar a Goofy a vestirse para el baile especial. | ||
| 653 | _aDVD | ||
| 653 | _aVIDEOS | ||
| 653 | _aVIDEOS DIDACTICOS | ||
| 653 | _aVIDEOS INFANTILES | ||
| 710 | 2 | _aWalt Disney | |
| 905 | _a40545 | ||
| 942 | _cDVD | ||
| 999 |
_c53711 _d53711 |
||